Pokemon 1. Generation nach Buchstabe M - Statistiken

Allgemein
  • Dieses Quiz wurde 33 mal gespielt
  • Das Durchschnittsergebnis liegt bei 8 aus 12
Antwortstatistiken
Antwort % Korrekt
Myrapla
79%
Machollo
75%
Machomei
75%
Maschock
75%
Mew
71%
Mewtu
71%
Mauzi
67%
Muschas
67%
Menki
58%
Magmar
54%
Magnetilo
50%
Magneton
50%
Keine übereinstimmenden Quizze gefunden
Verteilung der Resultate
Anzahl Personen mit jedem Resultat
Perzentil nach korrekt beantworteten Fragen
Ihre Resultats-Entwicklung
Sie haben dieses Quiz noch nicht gespielt